[Event "22nd Abu Dhabi Masters"]
[Site "Abu Dhabi UAE"]
[Date "2015.08.24"]
[Round "2.37"]
[White "Raetsky,A"]
[Black "Laabi Chian,M"]
[Result "1-0"]
[WhiteTitle "GM"]
[WhiteElo "2402"]
[BlackElo "2087"]
[WhiteFideId "4103203"]
[BlackFideId "12500224"]
[EventDate "2015.08.23"]

1. e4 c5 2. Nf3 e6 3. c3 Nf6 4. e5 Nd5 5. d4 cxd4 6. cxd4 b6 7. Nc3 Nxc3 8. bxc3
Qc7 9. Bd2 Be7 10. Bd3 d6 11. exd6 Bxd6 12. Ng5 Bb7 13. Qh5 g6 14. Qh6 Bf8 15.
Qh3 Nc6 16. O-O O-O-O 17. Rfe1 h6 18. Rad1 Bg7 19. Nxf7 Qxf7 20. Rxe6 Kb8 21.
Bxg6 Qc7 22. Qg3 Rhf8 23. Rde1 a6 24. Be4 Be5 25. Rxe5 Rg8 26. Re7 Qxg3 27.
Rxb7+ Kxb7 28. hxg3 b5 29. Bxh6 Kb6 30. Be3 Ne7 31. c4 bxc4 32. Rb1+ Ka5 33.
Bd2+ Ka4 34. Bc2+ Ka3 35. Bb4+ Kxa2 36. Bc3 1-0

[Event "22nd Abu Dhabi Masters"]
[Site "Abu Dhabi UAE"]
[Date "2015.08.24"]
[Round "2.38"]
[White "Siva,Mahadevan"]
[Black "Khalafova,N"]
[Result "1-0"]
[BlackTitle "WIM"]
[WhiteElo "2401"]
[BlackElo "2203"]
[WhiteFideId "25043153"]
[BlackFideId "13402625"]
[EventDate "2015.08.23"]

1. d4 d5 2. c4 c6 3. Nf3 Nf6 4. Nc3 e6 5. Bg5 Nbd7 6. e3 Qa5 7. Nd2 dxc4 8. Bxf6
Nxf6 9. Nxc4 Qc7 10. Be2 a6 11. Rc1 c5 12. a4 cxd4 13. Qxd4 Bc5 14. Qh4 O-O 15.
O-O Bd7 16. e4 e5 17. Rfd1 Bd4 18. a5 Bc6 19. Nd5 Nxd5 20. exd5 Bxd5 21. Nb6 Qd8
22. Qh5 g6 23. Qh6 Rb8 24. Nxd5 Qxd5 25. Rc3 Rfc8 26. Rh3 e4 27. Qxh7+ Kf8 28.
Qh6+ Kg8 29. b3 Qe5 30. Bc4 Rxc4 31. bxc4 Qxa5 32. g3 Qb6 33. Rxd4 1-0

[Event "22nd Abu Dhabi Masters"]
[Site "Abu Dhabi UAE"]
[Date "2015.08.24"]
[Round "2.39"]
[White "Rohan,A"]
[Black "Senthil,Maran K"]
[Result "1-0"]
[WhiteTitle "FM"]
[WhiteElo "2389"]
[BlackElo "2201"]
[WhiteFideId "5090598"]
[BlackFideId "25035681"]
[EventDate "2015.08.23"]

1. d4 d5 2. c4 e6 3. Nc3 Be7 4. cxd5 exd5 5. Bf4 c6 6. Qc2 g6 7. e3 Bf5 8. Qd2
Nf6 9. Nge2 O-O 10. Ng3 Be6 11. Bd3 Nbd7 12. O-O h5 13. Bg5 Nh7 14. Bxe7 Qxe7
15. Nge2 Rae8 16. a3 h4 17. h3 Ndf6 18. b4 Ng5 19. Nf4 Qd7 20. f3 Kg7 21. Qf2
Rh8 22. e4 Bxh3 23. Nxh3 Nxh3+ 24. gxh3 Qxh3 25. Qh2 Qd7 26. e5 Ng8 27. Qf4 Rh5
28. Kh2 Nh6 29. Rg1 Nf5 30. Qg4 Reh8 31. Ne2 Kf8 32. Nf4 R5h7 33. Bxf5 gxf5 34.
Qg5 Ke8 35. Rae1 h3 36. e6 Qd6 37. exf7+ Kd7 38. Re6 Qf8 39. Ng6 Qb8+ 40. Kh1
Rxf7 41. Re7+ 1-0

[Event "22nd Abu Dhabi Masters"]
[Site "Abu Dhabi UAE"]
[Date "2015.08.24"]
[Round "2.40"]
[White "Derakhshani,D"]
[Black "Gevorgyan,D"]
[Result "1-0"]
[WhiteTitle "WIM"]
[BlackTitle "IM"]
[WhiteElo "2192"]
[BlackElo "2374"]
[WhiteFideId "12500330"]
[BlackFideId "13303244"]
[EventDate "2015.08.23"]

1. e4 d6 2. d4 g6 3. Nc3 Bg7 4. Be3 Nf6 5. Qd2 Ng4 6. Bg5 f6 7. Bh4 e5 8. dxe5
dxe5 9. Qxd8+ Kxd8 10. O-O-O+ Nd7 11. Be2 h5 12. h3 Nh6 13. f4 exf4 14. Nf3 c6
15. e5 Kc7 16. exf6 Nxf6 17. Bg5 Bf5 18. Bxf4+ Kc8 19. Ne5 Rf8 20. Nxc6 Nhg8 21.
Rhe1 a6 22. Ne5 Bh6 23. Bxh6 Nxh6 24. Bd3 Rg8 25. Nc4 Rb8 26. Nd6+ Kc7 27. Bxf5
Nxf5 28. Nxf5 gxf5 29. Re7+ Kc8 30. Rf7 Rg6 31. Rd6 Rxg2 32. Rfxf6 b5 33. Nd5
Rg7 34. Rf8+ Kb7 35. Rb6+ 1-0

[Event "22nd Abu Dhabi Masters"]
[Site "Abu Dhabi UAE"]
[Date "2015.08.24"]
[Round "2.41"]
[White "Kulkarni,R"]
[Black "Sindarov,Javokhir"]
[Result "1/2-1/2"]
[BlackTitle "CM"]
[WhiteElo "2368"]
[BlackElo "2198"]
[WhiteFideId "5037077"]
[BlackFideId "14205483"]
[EventDate "2015.08.23"]

1. e4 c5 2. c3 Qa5 3. a3 Nc6 4. Nf3 d6 5. Qc2 g6 6. b4 Qc7 7. Bb2 Bg7 8. c4 e5
9. Nc3 Nge7 10. Nd5 Qd8 11. h3 O-O 12. Be2 f5 13. d3 h6 14. Nd2 b6 15. Nb3 fxe4
16. dxe4 Nxd5 17. cxd5 Nd4 18. Nxd4 exd4 19. O-O Be5 20. Rad1 Qh4 21. Bc1 Bxh3
22. gxh3 Rf3 23. Bxf3 Qxh3 24. Rfe1 Bh2+ 25. Kh1 Bg3+ 26. Kg1 Bh2+ 1/2-1/2

[Event "22nd Abu Dhabi Masters"]
[Site "Abu Dhabi UAE"]
[Date "2015.08.24"]
[Round "2.42"]
[White "Tissir,M"]
[Black "Mona,K"]
[Result "1-0"]
[WhiteTitle "IM"]
[BlackTitle "WGM"]
[WhiteElo "2351"]
[BlackElo "2184"]
[WhiteFideId "9000240"]
[BlackFideId "10605908"]
[EventDate "2015.08.23"]

1. e4 e5 2. Nf3 Nc6 3. Bc4 Bc5 4. c3 Nf6 5. d3 d6 6. Nbd2 Be6 7. b4 Bb6 8. a4 a6
9. Qb3 d5 10. exd5 Nxd5 11. Ne4 f6 12. O-O Nce7 13. a5 Ba7 14. d4 exd4 15. Nxd4
Bf7 16. Nc5 Bxc5 17. bxc5 O-O 18. Qxb7 Qb8 19. Bxa6 Nxc3 20. Re1 Ned5 21. Nc6
Re8 22. Be3 Qxb7 23. Bxb7 Kf8 24. a6 1-0

[Event "22nd Abu Dhabi Masters"]
[Site "Abu Dhabi UAE"]
[Date "2015.08.24"]
[Round "2.43"]
[White "Kowsarinia,A"]
[Black "Vinoth Kumar,M"]
[Result "1-0"]
[WhiteTitle "FM"]
[BlackTitle "FM"]
[WhiteElo "2332"]
[BlackElo "2166"]
[WhiteFideId "12500089"]
[BlackFideId "5011574"]
[EventDate "2015.08.23"]

1. d4 d6 2. c4 Nd7 3. Nc3 e5 4. e4 g6 5. Be3 Nh6 6. Be2 f6 7. h4 c6 8. Qd2 Nf7
9. g3 exd4 10. Bxd4 Nc5 11. O-O-O Be6 12. f4 Qe7 13. g4 O-O-O 14. Nh3 b5 15.
cxb5 Bxa2 16. Bxc5 dxc5 17. Qc2 Be6 18. bxc6 Nd6 19. Qa4 Bh6 20. g5 fxg5 21.
hxg5 Bg7 22. e5 Nf5 23. Nb5 Rd4 24. Qa6+ Kd8 25. c7+ Ke8 26. Nxd4 1-0

[Event "22nd Abu Dhabi Masters"]
[Site "Abu Dhabi UAE"]
[Date "2015.08.24"]
[Round "2.44"]
[White "Mokal,Amruta Sunil"]
[Black "Oganisjn,R"]
[Result "1/2-1/2"]
[BlackTitle "FM"]
[WhiteElo "2123"]
[BlackElo "2328"]
[WhiteFideId "5016371"]
[BlackFideId "4153006"]
[EventDate "2015.08.23"]

1. e4 c5 2. Nf3 d6 3. d4 cxd4 4. Nxd4 Nf6 5. Nc3 a6 6. Be2 e5 7. Nb3 Be6 8. f4
Qc7 9. O-O Nbd7 10. Nd5 Bxd5 11. exd5 Nb6 12. Bf3 Be7 13. fxe5 dxe5 14. d6 Bxd6
15. Bxb7 Ra7 16. Rxf6 gxf6 17. Be4 Nc4 18. Qf3 f5 19. Qxf5 Be7 20. Bd5 Rf8 21.
Qe4 Nb6 22. Bc6+ Nd7 23. Be3 f5 24. Qd5 Rf6 25. Na5 Kf8 26. Bxa7 Qxa7+ 27. Kh1
Rd6 1/2-1/2

[Event "22nd Abu Dhabi Masters"]
[Site "Abu Dhabi UAE"]
[Date "2015.08.24"]
[Round "2.45"]
[White "Soumya,Sw"]
[Black "Ahmad,Al Khatib"]
[Result "1/2-1/2"]
[WhiteTitle "WGM"]
[WhiteElo "2325"]
[BlackElo "2138"]
[WhiteFideId "5016193"]
[BlackFideId "8103178"]
[EventDate "2015.08.23"]

1. e4 c5 2. Nf3 g6 3. d4 cxd4 4. Nxd4 Bg7 5. Nc3 Nc6 6. Be3 Nf6 7. Bc4 Qa5 8.
O-O d6 9. h3 O-O 10. Bb3 Bd7 11. Re1 Nxd4 12. Bxd4 Bc6 13. Nd5 Rfe8 14. Bc3 Qd8
15. Nxf6+ Bxf6 16. Bxf6 exf6 17. Qd4 Re5 18. f4 Re8 19. Re3 f5 20. exf5 Rxe3 21.
Qxe3 Qf6 22. fxg6 hxg6 23. Rf1 Re8 24. Qd2 a5 25. c3 a4 26. Bd5 a3 27. bxa3 Bxd5
28. Qxd5 Qxc3 29. Qxd6 Re2 30. Qb8+ Kg7 31. f5 Qc6 32. Qg3 Rxa2 33. f6+ Kh7 34.
Rf4 Rc2 35. Kh2 Kg8 36. Qg5 b5 37. h4 Kf8 38. Rg4 Qd6+ 39. Kh3 Qd3+ 40. Rg3 Qd1
41. Kh2 Qd6 42. Qh6+ Ke8 43. Qg7 Rxg2+ 44. Kxg2 Qd2+ 45. Kh3 Qd7+ 46. Kh2 Qd2+
47. Kh3 Qd7+ 48. Rg4 Qd3+ 49. Rg3 Qe2 1/2-1/2

[Event "22nd Abu Dhabi Masters"]
[Site "Abu Dhabi UAE"]
[Date "2015.08.24"]
[Round "2.46"]
[White "Ahmed,Fareed"]
[Black "Asadli,Vugar"]
[Result "0-1"]
[BlackTitle "CM"]
[WhiteElo "2119"]
[BlackElo "2324"]
[WhiteFideId "9303677"]
[BlackFideId "13405764"]
[EventDate "2015.08.23"]

1. e4 g6 2. d4 Bg7 3. Nf3 d6 4. Be2 Bg4 5. O-O Nf6 6. Nc3 O-O 7. Re1 Nfd7 8. h3
Bxf3 9. Bxf3 c5 10. d5 Na6 11. a4 Nc7 12. Nb5 b6 13. Be2 a6 14. Nxc7 Qxc7 15. c4
Bd4 16. Qc2 e6 17. Bd2 exd5 18. exd5 a5 19. g3 Rfe8 20. Kg2 Re7 21. f4 Rae8 22.
Bd3 Nf6 23. Bc3 Nh5 24. Rxe7 Qxe7 25. Re1 Qxe1 26. Bxe1 Rxe1 27. Kf3 Re3+ 28.
Kg2 Rxg3+ 29. Kh2 Bg1+ 30. Kh1 Nxf4 31. Bf1 Bd4 32. Kh2 Rf3 33. Qd1 Rf2+ 34. Kg3
Nh5+ 35. Kg4 f5+ 36. Kg5 0-1

[Event "22nd Abu Dhabi Masters"]
[Site "Abu Dhabi UAE"]
[Date "2015.08.24"]
[Round "2.47"]
[White "Mansour,Sam"]
[Black "Ayyad,M"]
[Result "1/2-1/2"]
[WhiteTitle "FM"]
[BlackTitle "FM"]
[WhiteElo "2292"]
[BlackElo "2122"]
[WhiteFideId "8100144"]
[BlackFideId "11200235"]
[EventDate "2015.08.23"]

1. d4 d5 2. c4 e6 3. Nc3 Nf6 4. Nf3 c6 5. e3 Nbd7 6. Bd3 Bd6 7. O-O O-O 8. e4
dxc4 9. Bxc4 e5 10. Bg5 Qe7 11. d5 Nb6 12. Bb3 cxd5 13. Nxd5 Nbxd5 14. Bxd5 Be6
15. Bxf6 Qxf6 16. Bxb7 Rad8 17. Bd5 Bg4 18. Qd3 Bxf3 19. Qxf3 Qxf3 20. gxf3 Rb8
21. b3 Rfc8 22. Rac1 Ba3 23. Rxc8+ Rxc8 24. Rd1 Rc1 25. Rxc1 Bxc1 26. Kf1 Kf8
27. Ke2 Ke7 28. Kd3 Bb2 29. b4 Bd4 30. Ke2 f6 31. Bg8 h5 32. Kf1 g5 33. Bh7 Kd6
34. Bg6 h4 35. Kg2 Bc3 36. b5 Kc5 37. Kh3 Kxb5 38. Kg4 Be1 39. Kf5 Bxf2 40. Kxf6
Bg3 41. Kxg5 h3 42. Bf5 Bxh2 43. Bxh3 Kb4 44. Kf6 a5 1/2-1/2

[Event "22nd Abu Dhabi Masters"]
[Site "Abu Dhabi UAE"]
[Date "2015.08.24"]
[Round "2.48"]
[White "Mohammed,Tarig Elther"]
[Black "Firouzja,Alireza"]
[Result "0-1"]
[WhiteElo "2105"]
[BlackElo "2309"]
[WhiteFideId "12200964"]
[BlackFideId "12573981"]
[EventDate "2015.08.23"]

1. e4 c5 2. Nf3 d6 3. d4 cxd4 4. Nxd4 Nf6 5. Nc3 a6 6. Bg5 e6 7. f4 Be7 8. Qf3
Qc7 9. O-O-O Nbd7 10. g4 b5 11. Bxf6 Nxf6 12. g5 Nd7 13. f5 O-O 14. Qh5 b4 15.
Rd3 bxc3 16. Rh3 Bxg5+ 17. Qxg5 Qd8 18. Qe3 Qf6 19. Qxc3 Nc5 20. Bg2 Rb8 21. b3
Bb7 22. Re1 Rbc8 23. Qe3 exf5 24. Nxf5 Rfe8 25. Qf4 Qa1+ 26. Kd2 Qe5 27. Qxe5
Rxe5 28. Rhe3 g6 29. Nh6+ Kg7 30. Ng4 Rg5 31. Bf3 h5 32. Nf2 Re8 33. b4 Nd7 34.
Nd3 Nb6 35. Nb2 Rge5 36. c4 f5 37. Kd3 f4 38. R3e2 a5 39. Kd4 axb4 40. Nd3 Nd7
41. Rg2 Nc5 42. Nxf4 Bxe4 43. Nxh5+ Kh6 44. Nf6 Ne6+ 45. Ke3 Bxf3+ 46. Kxf3 Rxe1
47. Nxe8 Nd4+ 48. Kf2 Rxe8 49. Rg4 Re2+ 50. Kf1 Rd2 51. Rf4 Nf5 0-1

[Event "22nd Abu Dhabi Masters"]
[Site "Abu Dhabi UAE"]
[Date "2015.08.24"]
[Round "2.49"]
[White "Severina,M"]
[Black "Marcos,M"]
[Result "1-0"]
[WhiteTitle "WIM"]
[WhiteElo "2276"]
[BlackElo "2104"]
[WhiteFideId "4116909"]
[BlackFideId "5208840"]
[EventDate "2015.08.23"]

1. d4 d5 2. c4 Bf5 3. cxd5 Bxb1 4. Qa4+ c6 5. Rxb1 Qxd5 6. Nf3 Nd7 7. e3 Qe4 8.
Ra1 e5 9. Qb3 Ngf6 10. Bc4 O-O-O 11. O-O h6 12. Bxf7 Bd6 13. Qe6 Kc7 14. Bd2 Nf8
15. Qc4 exd4 16. exd4 Kb8 17. Bb4 Bc7 18. Rfe1 Qf4 19. Bd2 Qf5 20. Qc5 Nd5 21.
Bxd5 cxd5 22. Qe7 Ng6 23. Qe6 Qh5 24. Rac1 Rhf8 25. Ne5 Nxe5 26. dxe5 Bb6 27.
Rf1 Qe2 28. Bb4 Bxf2+ 29. Kh1 Bc5 30. Rxf8 Rxf8 31. Bxc5 Rf1+ 32. Rxf1 Qxf1+ 33.
Bg1 1-0

[Event "22nd Abu Dhabi Masters"]
[Site "Abu Dhabi UAE"]
[Date "2015.08.25"]
[Round "3.2"]
[White "Gabuzyan,H"]
[Black "Jobava,Ba"]
[Result "0-1"]
[WhiteTitle "GM"]
[BlackTitle "GM"]
[WhiteElo "2593"]
[BlackElo "2664"]
[WhiteFideId "13303732"]
[BlackFideId "13601520"]
[EventDate "2015.08.23"]

1. c4 e5 2. g3 d6 3. Nc3 g6 4. Bg2 Bg7 5. e4 Nc6 6. Nge2 Nge7 7. d3 O-O 8. O-O
f5 9. Bg5 h6 10. Be3 Kh7 11. Nd5 Be6 12. Rc1 Qd7 13. Qd2 Bg8 14. b4 Nxd5 15.
cxd5 Ne7 16. b5 Rac8 17. Qa5 c5 18. bxc6 bxc6 19. Qa4 Qe8 20. exf5 Bxd5 21.
fxg6+ Qxg6 22. Be4 Nf5 23. Bxa7 Ra8 24. Rxc6 Bxc6 25. Bxc6 Qf7 26. Bxa8 Rxa8 27.
f4 Rxa7 28. Qe4 d5 29. Qf3 Nd6 30. fxe5 Qxf3 31. Rxf3 Bxe5 32. d4 Bg7 33. Nf4
Rxa2 34. Nxd5 Bxd4+ 35. Kh1 Ne4 36. Rb3 h5 37. Nf4 h4 38. gxh4 Ra1+ 0-1

[Event "22nd Abu Dhabi Masters"]
[Site "Abu Dhabi UAE"]
[Date "2015.08.25"]
[Round "3.3"]
[White "Grandelius,N"]
[Black "Sandipan,C"]
[Result "1-0"]
[WhiteTitle "GM"]
[BlackTitle "GM"]
[WhiteElo "2628"]
[BlackElo "2585"]
[WhiteFideId "1710400"]
[BlackFideId "5004225"]
[EventDate "2015.08.23"]

1. e4 e5 2. Nf3 Nc6 3. Nc3 g6 4. d4 exd4 5. Nxd4 Bg7 6. Be3 Nf6 7. Nxc6 bxc6 8.
e5 Ng8 9. f4 Ne7 10. Qf3 d6 11. Bc4 Nf5 12. Bf2 dxe5 13. Qxc6+ Bd7 14. Qc5 Nd6
15. fxe5 Nxc4 16. Qxc4 O-O 17. Bg3 Qg5 18. O-O Bxe5 19. Qd5 Qe3+ 20. Bf2 Qf4 21.
g3 Qf5 22. Bd4 Bxd4+ 23. Qxd4 c5 24. Qd2 Qh3 25. Nd5 Rfd8 26. Nf6+ Kg7 27. Qc3
Bf5 28. Ne8+ Kh6 29. Qg7+ Kg5 30. Qf6+ Kh6 31. Nd6 Be6 32. Rae1 Bd5 33. Nxf7+
Bxf7 34. Qf4+ Kg7 35. Qxf7+ Kh8 36. Re7 Qh6 37. Qf6+ Kg8 38. Qe6+ Kh8 39. Rxa7
Qg5 40. Re7 c4 41. a3 Qc5+ 42. Rf2 Rf8 43. Qe5+ Qxe5 44. Rxf8+ Rxf8 45. Rxe5 Rb8
46. Rc5 Rxb2 47. Rxc4 Ra2 48. a4 Kg7 49. Kf2 Ra3 50. Ke2 h5 51. Kd2 Rf3 52. a5
Rf2+ 53. Kc3 Rxh2 54. a6 Re2 55. a7 Re8 56. Ra4 Ra8 57. Kd4 g5 58. Kc5 1-0

[Event "22nd Abu Dhabi Masters"]
[Site "Abu Dhabi UAE"]
[Date "2015.08.25"]
[Round "3.4"]
[White "Romanov,E"]
[Black "Vovk,Y"]
[Result "1/2-1/2"]
[WhiteTitle "GM"]
[BlackTitle "GM"]
[WhiteElo "2586"]
[BlackElo "2624"]
[WhiteFideId "4148843"]
[BlackFideId "14113171"]
[EventDate "2015.08.23"]

1. c4 Nf6 2. Nc3 e5 3. Nf3 Nc6 4. g3 d5 5. cxd5 Nxd5 6. Bg2 Nb6 7. Rb1 Bf5 8. d3
Qd7 9. O-O Bh3 10. Bxh3 Qxh3 11. Be3 Be7 12. a4 Qe6 13. a5 Nxa5 14. b4 Nc6 15.
b5 Nb4 16. Bxb6 axb6 17. Qb3 Qxb3 18. Rxb3 Bd6 19. Rfb1 Nc2 20. Ne4 Kd7 21. Rc3
Nd4 22. Nxd4 exd4 23. Rc4 Ra2 24. Nxd6 cxd6 25. Rbc1 Rb8 26. Rc7+ Ke6 27. R1c4
Rxe2 28. Rxd4 g5 29. Re4+ Rxe4 30. dxe4 g4 31. f4 Ra8 32. Rxb7 Ra4 33. Rxb6 Rxe4
34. Rb8 Rb4 35. b6 Kd5 36. b7 f5 37. Kf2 h5 38. Rf8 Rxb7 39. Rxf5+ Kc4 40. Rxh5
d5 41. h3 Rb2+ 42. Ke1 Rb1+ 43. Kd2 Rb2+ 44. Kc1 Rg2 45. hxg4 1/2-1/2

[Event "22nd Abu Dhabi Masters"]
[Site "Abu Dhabi UAE"]
[Date "2015.08.25"]
[Round "3.5"]
[White "Kulaots,K"]
[Black "Rakhmanov,Ale"]
[Result "1-0"]
[WhiteTitle "GM"]
[BlackTitle "GM"]
[WhiteElo "2573"]
[BlackElo "2620"]
[WhiteFideId "4500261"]
[BlackFideId "4173708"]
[EventDate "2015.08.23"]

1. e4 c5 2. Nf3 Nf6 3. e5 Nd5 4. Nc3 Nxc3 5. dxc3 Nc6 6. Bf4 Qb6 7. b3 Qc7 8.
Qd2 e6 9. h4 h6 10. h5 b6 11. O-O-O a6 12. Bg3 b5 13. c4 bxc4 14. Bxc4 Na5 15.
Be2 c4 16. Qc3 Rb8 17. Kb1 Qc5 18. Rc1 Bb7 19. Rh4 Be7 20. Rg4 f5 21. Rxg7 Bf8
22. Rg6 Be4 23. Nd2 cxb3 24. Nxe4 Qa3 25. cxb3 fxe4 26. Bd1 Nc6 27. Rxe6+ dxe6
28. Qxc6+ Kf7 29. Qxe4 Rg8 30. Rc7+ Be7 31. Bh4 1-0

[Event "22nd Abu Dhabi Masters"]
[Site "Abu Dhabi UAE"]
[Date "2015.08.25"]
[Round "3.6"]
[White "Gupta,Ab"]
[Black "Belous,V"]
[Result "0-1"]
[WhiteTitle "GM"]
[BlackTitle "GM"]
[WhiteElo "2619"]
[BlackElo "2566"]
[WhiteFideId "5010608"]
[BlackFideId "4174003"]
[EventDate "2015.08.23"]

1. d4 Nf6 2. c4 g6 3. Nc3 Bg7 4. e4 O-O 5. f3 d6 6. Be3 c5 7. Nge2 Nc6 8. d5 Ne5
9. Ng3 e6 10. Be2 exd5 11. cxd5 b5 12. Nxb5 Rb8 13. b4 a6 14. Nxd6 Qxd6 15. bxc5
Qe7 16. O-O h5 17. d6 Qe6 18. Nh1 Bd7 19. Nf2 Bb5 20. a4 Bxe2 21. Qxe2 Qc4 22.
Qd2 Nfd7 23. Rfc1 Qb3 24. Bd4 Rfc8 25. Qe3 Qxe3 26. Bxe3 Nc4 27. Rxc4 Bxa1 28.
Nd3 Ne5 29. Nxe5 Bxe5 30. d7 Rc6 31. f4 Bf6 0-1

[Event "22nd Abu Dhabi Masters"]
[Site "Abu Dhabi UAE"]
[Date "2015.08.25"]
[Round "3.7"]
[White "Swiercz,D"]
[Black "Timofeev,Arty"]
[Result "1/2-1/2"]
[WhiteTitle "GM"]
[BlackTitle "GM"]
[WhiteElo "2617"]
[BlackElo "2542"]
[WhiteFideId "1126881"]
[BlackFideId "4140419"]
[EventDate "2015.08.23"]

1. d4 d5 2. c4 dxc4 3. Nf3 Nf6 4. e3 e6 5. Bxc4 c5 6. O-O a6 7. Qe2 Nc6 8. Rd1
b5 9. dxc5 Qc7 10. Bd3 Bxc5 11. a4 bxa4 12. Rxa4 Nb4 13. Bb5+ Bd7 14. Bxd7+ Nxd7
15. Bd2 a5 16. Na3 O-O 17. Nc4 Nc6 18. Bxa5 Nxa5 19. Rxa5 Rxa5 20. Nxa5 Rb8 21.
Nc4 Be7 22. g3 g6 23. Nfd2 Rb4 24. Ra1 Bf6 25. Qd3 Kg7 26. Nd6 Rb8 27. N2c4 Nc5
28. Qa3 Be7 29. b4 Nb7 30. Nxb7 Qxc4 31. Na5 Qxb4 32. Qxb4 Rxb4 33. Nc6 Rb7 34.
Nxe7 Rxe7 35. Kg2 1/2-1/2

[Event "22nd Abu Dhabi Masters"]
[Site "Abu Dhabi UAE"]
[Date "2015.08.25"]
[Round "3.8"]
[White "Papp,Ga"]
[Black "Vakhidov,J"]
[Result "1/2-1/2"]
[WhiteTitle "GM"]
[BlackTitle "GM"]
[WhiteElo "2601"]
[BlackElo "2525"]
[WhiteFideId "718602"]
[BlackFideId "14201801"]
[EventDate "2015.08.23"]

1. e4 d5 2. exd5 Qxd5 3. Nc3 Qd6 4. d4 Nf6 5. Nf3 g6 6. Nb5 Qd8 7. c4 c6 8. Nc3
Bg4 9. Be2 Bg7 10. O-O O-O 11. Be3 Ne8 12. Qb3 Qc7 13. Rad1 Nd7 14. Bg5 Bf6 15.
Bxf6 Ndxf6 16. Rfe1 Ng7 17. h3 Bxf3 18. Bxf3 Rfd8 19. Ne4 Nxe4 20. Bxe4 Rd7 21.
d5 cxd5 22. Bxd5 Rad8 23. c5 e6 24. Bxb7 Qxc5 25. Rxd7 Rxd7 26. Be4 Nh5 27. Bf3
Rd2 28. Qb8+ Kg7 29. Qe5+ Qxe5 30. Rxe5 Nf4 31. Ra5 Rxb2 32. Rxa7 Nd3 33. a4
Rb1+ 34. Kh2 Nxf2 35. Rd7 Rb3 36. a5 Nd3 37. Be2 Ne5 38. Rc7 Rb2 39. Bf1 Nf3+
40. Kg3 Nd2 41. Be2 Nb3 42. Bc4 Nxa5 43. Bxe6 Rb7 44. Rc5 fxe6 45. Rxa5 Rb3+ 46.
Kf2 Kf6 47. Rc5 e5 48. Rc4 Kf5 49. Ra4 Rb2+ 50. Kf3 Rb3+ 51. Kf2 Rd3 52. Rb4 Ra3
53. Rc4 e4 54. Rc7 Ra2+ 55. Kg3 Ra3+ 56. Kf2 h5 57. Rf7+ Kg5 58. h4+ Kxh4 59.
Rf4+ Kg5 60. Rxe4 h4 61. Rb4 Ra1 62. Rb5+ Kg4 63. Rb4+ Kh5 64. Rb5+ g5 65. Rb4
Rd1 66. Ra4 g4 67. Ra5+ Kg6 68. Ra6+ Kf5 69. Ra5+ Ke4 70. Ra4+ Rd4 71. Rxd4+
Kxd4 72. Ke2 Ke4 73. Kf2 Kd3 74. Kf1 Ke3 75. Ke1 g3 76. Kf1 Kd2 77. Kg1 Ke1 78.
Kh1 h3 79. Kg1 h2+ 80. Kh1 Kf1 1/2-1/2

[Event "22nd Abu Dhabi Masters"]
[Site "Abu Dhabi UAE"]
[Date "2015.08.25"]
[Round "3.9"]
[White "Esen,B"]
[Black "Kravtsiv,M"]
[Result "1/2-1/2"]
[WhiteTitle "GM"]
[BlackTitle "GM"]
[WhiteElo "2567"]
[BlackElo "2599"]
[WhiteFideId "6302114"]
[BlackFideId "14113147"]
[EventDate "2015.08.23"]

1. c4 e6 2. Nc3 d5 3. d4 Be7 4. Bf4 Nf6 5. e3 O-O 6. a3 b6 7. Nb5 Na6 8. Nf3 Bb7
9. Qc2 c6 10. Nc3 Nc7 11. Rd1 Rc8 12. e4 dxe4 13. Nxe4 Nxe4 14. Qxe4 Ne8 15. Be2
Bd6 16. O-O Nf6 17. Qe3 Bxf4 18. Qxf4 Qc7 19. Qxc7 Rxc7 20. b4 Rd8 21. Ne5 Kf8
22. Bf3 Nd7 23. c5 Ke7 24. Rfe1 Nxe5 25. dxe5 Rxd1 26. Rxd1 f6 27. Be4 fxe5 28.
Bxh7 bxc5 29. bxc5 Ba6 30. f3 Bc4 31. Kf2 Rb7 32. Rb1 Rd7 33. Ke3 Bb5 34. h4 Rd5
35. Rc1 Rd4 36. Be4 Bc4 37. Bxc6 Rxh4 38. Rd1 a6 39. Rd7+ Kf6 40. Be4 Bb5 41. c6
Rh1 42. Ra7 Rc1 43. c7 Bd7 44. Bd3 Bb5 45. Kd2 Rc5 46. Bb1 g5 47. g4 Bd7 48. Bc2
Bb5 49. a4 Bd7 50. Rxa6 Rxc7 51. a5 Bc6 52. Bb3 Rd7+ 53. Ke3 Bd5 54. Bxd5 Rxd5
55. Ra8 e4 56. Kxe4 Rb5 57. a6 Rb4+ 58. Ke3 Ke5 59. a7 Ra4 60. Kd3 Ra3+ 61. Kc4
Ra1 62. Kb4 Rb1+ 63. Kc5 Rc1+ 64. Kb5 Ra1 65. Kc4 Rc1+ 66. Kd3 Ra1 67. Ke2 Ra2+
68. Kd1 Ra1+ 69. Kc2 Ra2+ 70. Kb1 Ra6 71. Kb2 Ra5 72. Kc3 Ra1 73. Kb3 Ra6 74.
Kb4 Ra1 75. Kb5 Ra3 76. Kb6 Rb3+ 77. Kc7 Ra3 78. Kd7 Rxf3 79. Re8 Rf7+ 80. Re7
Rf8 81. Rxe6+ Kf4 82. Ra6 Kxg4 83. a8=Q Rxa8 84. Rxa8 Kf3 85. Ra3+ Kf4 86. Ra4+
Kf3 87. Ke6 g4 88. Kf5 g3 89. Ra3+ Kf2 90. Kf4 g2 91. Ra2+ Kg1 92. Ra1+ Kh2 93.
Ra2 Kh1 94. Rxg2 Kxg2 95. Ke4 1/2-1/2

[Event "22nd Abu Dhabi Masters"]
[Site "Abu Dhabi UAE"]
[Date "2015.08.25"]
[Round "3.10"]
[White "Rapport,R"]
[Black "Pascua,H"]
[Result "1/2-1/2"]
[WhiteTitle "GM"]
[BlackTitle "IM"]
[WhiteElo "2671"]
[BlackElo "2447"]
[WhiteFideId "738590"]
[BlackFideId "5203953"]
[EventDate "2015.08.23"]

1. d4 Nf6 2. c4 g6 3. Nc3 d5 4. cxd5 Nxd5 5. g3 Bg7 6. Bg2 Nxc3 7. bxc3 c5 8. e3
O-O 9. Ne2 Nc6 10. O-O Qa5 11. a4 cxd4 12. cxd4 Rd8 13. Rb1 Qa6 14. Nc3 Bf5 15.
Ne4 Rac8 16. g4 Bxe4 17. Bxe4 e5 18. d5 Qc4 19. Qf3 Nb4 20. Bd2 a5 21. Rfc1 Qa6
22. g5 Qd6 23. Qg4 Rxc1+ 24. Rxc1 Bf8 25. Be1 Qb6 26. Qf3 Qd6 27. Qg4 Qb6 28.
Qf3 Qd6 29. Qf6 h6 30. Qxd6 Bxd6 31. h4 hxg5 32. hxg5 Kf8 33. Kg2 Ke7 34. Bd2
Rd7 35. Kf3 Rc7 36. Rh1 Rc4 37. Rh7 Ke8 38. Rh8+ Ke7 39. Rh7 Ke8 40. Rh8+ Ke7
41. Ra8 b6 42. Rh8 Kd7 43. Rh1 Be7 44. Rh7 Ke8 45. Rh8+ Kd7 46. Rh7 Ke8 47. Rh8+
Kd7 48. Rb8 Bxg5 49. Rb7+ Ke8 50. Rxb6 Bd8 51. Rb5 f5 52. Bb1 e4+ 53. Ke2 Kd7
54. f3 Kd6 55. fxe4 fxe4 56. Bxb4+ axb4 57. a5 Rc5 58. Rb7 Rxa5 59. Bxe4 Ke5 60.
Rxb4 Be7 61. Rc4 Ra3 62. Bf3 Ra2+ 63. Kf1 Bd6 64. Re4+ Kf5 65. Re6 Be5 66. Bg2
g5 67. Bh3+ Ke4 68. d6 Kf3 69. Ke1 Bc3+ 70. Kd1 g4 71. Bf1 Rd2+ 72. Kc1 Bb4 73.
Bb5 Rxd6 74. Rxd6 1/2-1/2